| 000 | 00761nam a22002057a 4500 | ||
|---|---|---|---|
| 003 | OSt | ||
| 005 | 20260120035021.0 | ||
| 008 | 260120b |||||||| |||| 00| 0 eng d | ||
| 020 | _a0-02-802567-9 | ||
| 040 |
_aDWC-Main Lab _cOC |
||
| 082 | _aCirc. 364.602373 Sc347c 2001 | ||
| 100 | _aSchmalleger, F. | ||
| 245 |
_aCorrections in the 21st century _cSchmalleger, Frank |
||
| 260 |
_aNew York : _bMcGraw-Hill / Glencoe, _c c2001 |
||
| 300 |
_axxxvi, 500 pages ; _bcolored illustration ; _c 26 cm. _e + 1 CD-ROM |
||
| 504 | _aIncludes bibliographical references and index | ||
| 650 | _2Corrections - Vocational guidance - U.S. | ||
| 700 | _aSmykla, John O. | ||
| 942 |
_2ddc _cBK-CIRC _hCirc. 364.602373 Sc347c 2001 _kCirc. _n0 |
||
| 999 |
_c7574 _d7574 |
||